000 00427pab a2200169 454500
008 180718b1995 xxu||||| |||| 00| 0 eng d
100 _aMathur, N.D.
245 _aInstructional media for teaching excellence.
260 _c1995
300 _ap.13-14
362 _a5 Jun
650 _aInstructional systems
650 _aEducation - Curricula
650 _aTeaching - India
773 _aUniversity News
909 _a28779
999 _c28779
_d28779